Modernism, globalism, and the information age / (Record no. 12858)

000 -LEADER
fixed length control field 00746cam a2200217 a 4500
020 ## - INTERNATIONAL STANDARD BOOK NUMBER
ISBN 0072317353 (acidfree paper)
040 ## - CATALOGING SOURCE
Transcribing agency DLC
082 00 - DEWEY DECIMAL CLASSIFICATION NUMBER
Classification number 709 MCG 2002 A085 Or.
100 1# - MAIN ENTRY--AUTHOR NAME
Personal name Fiero, Gloria K.
245 10 - TITLE STATEMENT
Title Modernism, globalism, and the information age /
250 ## - EDITION STATEMENT
Edition statement 4th ed.
260 ## - PUBLICATION, DISTRIBUTION, ETC. (IMPRINT)
Place of publication Boston, :
Name of publisher McGraw-Hill,
Year of publication c2002.
300 ## - PHYSICAL DESCRIPTION
Number of Pages xiii, 177 p. :
Other physical details ill. (some col.), maps ;
Dimensions 28 cm.
490 1# - SERIES STATEMENT
Series statement The humanistic tradition
500 ## - GENERAL NOTE
General note Rev. ed. of: The global village of the twentieth century. 3rd ed. c1998.
650 #0 - SUBJECT ADDED ENTRY--TOPICAL TERM
Topical Term Arts, Modern
700 1# - ADDED ENTRY--PERSONAL NAME
Personal name Fiero, Gloria K.
856 42 - ELECTRONIC LOCATION AND ACCESS
Uniform Resource Identifier http://www.loc.gov/catdir/description/mh021/2001090460.html
856 41 - ELECTRONIC LOCATION AND ACCESS
Uniform Resource Identifier http://www.loc.gov/catdir/toc/mh021/2001090460.html
942 ## - ADDED ENTRY ELEMENTS (KOHA)
Koha item type សៀវភៅភាសាអង់គ្លេស
952 ## - LOCATION AND ITEM INFORMATION (KOHA)
Withdrawn status [LOCAL, KOHA] 0
Holdings
Koha item type Barcode Lost status Permanent Location Current Location Date acquired Full call number
សៀវភៅភាសាអង់គ្លេសA13408 Library Block ALibrary Block A2017-08-17709 MCG 2002 A085 Or.
មជ្ឈមណ្ឌលឯការនៃសាកលវិទ្យាល័យភូមិន្ទកសិកម្មចំការដូង

Powered by Koha